Knižnice nemajú z čoho platiť autorom

Bibliographic Details
Main Author: (dt) (Author)
Format: Article
Language:Slovak
Subjects:

MARC

LEADER 00000nab a2200000 a 4500
001 vtls000932956
003 SK-MaSNL
005 20260426072230.0
008 110722e20040322xo 0 slo
035 |a KE41833 
040 |a KEVKJB  |b slo  |c KEVKJB  |e AACR2 
041 0 |a slo 
044 |a xo  |c SK 
080 |a 027.53:885.0-3:929  |2 1981 
100 0 |a (dt)  |4 aut  |9 880474 
245 1 0 |a Knižnice nemajú z čoho platiť autorom 
650 0 7 |a knižnice  |2 KEVKJB  |9 17965 
650 0 7 |a autorský zákon  |2 KEVKJB  |9 19288 
650 0 7 |a rozpočet finančný  |2 KEVKJB  |9 885691 
651 7 |a Slovensko  |2 KEVKJB  |9 14231 
651 7 |a KPO,KK,PO,  |2 KEVKJB  |9 1016099 
773 0 8 |t Pravda  |g Roč. 14, č.68, 22.3.2004, s. 3 
852 |a ZVYKNI  |b KIS3GCP 
999 |c 2686549  |d 2688479